| 000 | 00929cam a2200277 a 4500 | ||
|---|---|---|---|
| 001 | 000004591 | ||
| 005 | 20200929151451.0 | ||
| 008 | 800823s1974 pe 000 d spa d | ||
| 040 |
_aDO-SdBNP _cDLC _dDLC |
||
| 082 |
_a842.42 _bM721tar, 1974 |
||
| 100 | 1 |
_aMolière, _d1622-1673 _913395 |
|
| 245 | 1 | 0 |
_aTartufo o el impostor : _bel misántropo / _cMolière ; introducción de Abelardo Oquendo ; traducción y notas de Julio Gómez de la Serna. |
| 250 | _a2a ed. | ||
| 260 |
_aLima, Perú : _bUniverso, _c1974. |
||
| 300 |
_a156 p. ; _c17 cm. |
||
| 490 | 1 |
_aAutores clásicos _v23 |
|
| 650 | 4 |
_aTeatro francés _95359 |
|
| 650 | 4 |
_aComedia francesa _913396 |
|
| 650 | 4 |
_aLiteratura francesa _91074 |
|
| 700 | 1 |
_aOquendo, Abelardo, _eintrod. _913397 |
|
| 700 | 1 |
_aGómez de la Serna, Julio, _etr. _912818 |
|
| 830 | 0 |
_aAutores clásicos ; _v23 _913398 |
|
| 910 | _aCatalogación por copia / LC | ||
| 910 | _aWM | ||
| 049 | _aBNGR | ||
| 999 |
_c4399 _d4399 |
||